Learning Resource and Development

The complete guide to the theory and practice of materials development for language learning / (Record no. 26230)

MARC details
000 -LEADER
fixed length control field 01775nam a2200313 i 4500
003 - CONTROL NUMBER IDENTIFIER
control field CSPC
005 - DATE AND TIME OF LATEST TRANSACTION
control field 20231009140740.0
008 - FIXED-LENGTH DATA ELEMENTS--GENERAL INFORMATION
fixed length control field 231009s2018 nju b 001 0 eng
010 ## - LIBRARY OF CONGRESS CONTROL NUMBER
LC control number 2016058002
020 ## - INTERNATIONAL STANDARD BOOK NUMBER
International Standard Book Number 9781119054771
Qualifying information (softcover)
040 ## - CATALOGING SOURCE
Original cataloging agency DLC
Language of cataloging eng
Description conventions rda
Transcribing agency DLC
Modifying agency DLC
-- CSPC
042 ## - AUTHENTICATION CODE
Authentication code pcc
050 00 - LIBRARY OF CONGRESS CALL NUMBER
Classification number P53.15
Item number .T76
082 00 - DEWEY DECIMAL CLASSIFICATION NUMBER
Classification number 418.0071
Item number T597c
Edition number 23
100 1# - MAIN ENTRY--PERSONAL NAME
Personal name Tomlinson, Brian,
Dates associated with a name 1943-
Relator term author.
245 14 - TITLE STATEMENT
Title The complete guide to the theory and practice of materials development for language learning /
Statement of responsibility, etc. Brian Tomlinson and Hitomi Masuhara.
264 #1 - PRODUCTION, PUBLICATION, DISTRIBUTION, MANUFACTURE, AND COPYRIGHT NOTICE
Place of production, publication, distribution, manufacture Hoboken, New Jersey :
Name of producer, publisher, distributor, manufacturer John Wiley & Sons, Inc.,
Date of production, publication, distribution, manufacture, or copyright notice 2018.
300 ## - PHYSICAL DESCRIPTION
Extent ix, 404 pages ;
Dimensions 25 cm.
336 ## - CONTENT TYPE
Content type term text
Content type code txt
Source rdacontent
337 ## - MEDIA TYPE
Media type term unmediated
Media type code n
Source rdamedia
338 ## - CARRIER TYPE
Carrier type term volume
Carrier type code nc
Source rdacarrier
504 ## - BIBLIOGRAPHY, ETC. NOTE
Bibliography, etc. note Includes bibliographical references and index.
505 0# - FORMATTED CONTENTS NOTE
Formatted contents note Materials development so far -- Issues in materials development -- Materials evaluation -- Materials adaptation -- The development of materials -- The process of publishing coursebooks -- Developing digital materials -- Developing materials for the acquisition of language -- Developing materials for the development of skills -- Developing materials for young learners -- Developing materials for teenagers and adults -- Developing materials for different levels, users, and purposes -- Visuals, layout, and design -- Writing instructions for language-learning activities -- Materials development research.
650 #0 - SUBJECT ADDED ENTRY--TOPICAL TERM
Topical term or geographic name entry element Language and languages
General subdivision Study and teaching.
650 #0 - SUBJECT ADDED ENTRY--TOPICAL TERM
Topical term or geographic name entry element Teaching
General subdivision Aids and devices.
700 1# - ADDED ENTRY--PERSONAL NAME
Personal name Masuhara, Hitomi,
Relator term author.
942 ## - ADDED ENTRY ELEMENTS (KOHA)
Source of classification or shelving scheme Dewey Decimal Classification
Koha item type Books
Classification part 418.0071
Item part T597c
Call number prefix CIR
Call number suffix 2018
Suppress in OPAC No
Holdings
Withdrawn status Lost status Source of classification or shelving scheme Damaged status Not for loan Home library Current library Shelving location Date acquired Total Checkouts Full call number Barcode Date last seen Copy number Price effective from Koha item type
    Dewey Decimal Classification     Main Library Main Library Circulation Section 10/09/2023   CIR 418.0071 T597c 2018 025917 10/09/2023 1-1 10/09/2023 Books